01036nam a22002057a 4500001000700000003000400007005001700011008004100028020001800069040002500087100003000112245005400142260003200196300001600228490002500244520040600269942001500675952012100690999001900811157716OSt20240510192606.0240510b |||||||| |||| 00| 0 POR d a9780241583104 aBR - IDEAcBR - IDEA aKinney, JeffeAuthor9214 aDiary of a Wimpy Kidbdiper overlodecJeff Kinney aLondon bPuffin Booksc2024 a217 pbill. aDiary of a Wimpy Kid aWhen he decides to tag along with his brother Rodrick's band, Löded Diper, Greg doesn't realize what he's getting into. But he soon learns that late nights, unpaid gigs, fighting between band members, and money troubles are all part of the rock 'n' roll lifestyle. Can Greg help Löded Diper become the legends they think they are? Or will too much time with Rodrick's band be a diper överlöde? 2ddccBKn0 00102ddc4070a12.28b12.28d2024-05-10l0oYear 4 [Fic] KINp9788563219893r2024-05-10 19:32:58w2024-05-10yBKu c157716d157716